Регионална библиотека "Любен Каравелов" - Русе

Кратко изложение на социалното учение на църквата (Запис номер 487675)

MARC детайли
000 -Лидер
Контролно поле с фиксирана дължина nam a22 a 4500
003 - Код на организацията, давaща контролен номер
Контролно поле BLK
005 - Дата и час на последна редакция
Контролно поле 20221216114736.0
008 - Елементи от данни с фиксирана дължина
fixed length control field 180409b bul|||||r ||||||| ||bul||
020 ## - Международен стандартен номер на книга ISBN
Международен стандартен номер на книга ISBN 9786197011159
040 ## - Източник на каталожния запис
Идентификатор на билиотеката - собственик на записа BLK
041 ## - Код за език
Код за езика на текст/звукозапис или на отделно заглавие Български
Код за езика КДБФ Български
080 ## - УДК
Текстов определител УДК Римокатолическа църква
УДК код - определител по УДК 272
УДК - код + определител 272-4
080 ## - УДК
Текстов определител УДК Религиозен морал - Свобода на волята, съвест, добродетели, грехове, 10-те Божи заповеди, изповеди, причастия, пости, съсловни задължения на духовниците. Вж и 172;174;291. 5
УДК код - определител по УДК 27-426
УДК - код + определител 27-426
110 ## - Редна дума - колетивен орган
9 (RLIN) 485753
Редна дума - наименование на организация или юридическо лице Папски съвет за справедливост и мир
139 ## - Редно поле
Редна дума Папски съвет за справедливост и мир
245 ## - Сведения за заглавието
Заглавие Кратко изложение на социалното учение на църквата
Редно поле (дума) представяне кардинал Ренато Рафаеле Мартино ; прев. Ирена Кръстева
260 ## - Област на издателските данни
Място на издаване, разпространение и проч. София
Име на издателя, разпространителя и проч. Катол. епархия Св. Йоан XXIII
Година на издаване 2021
Печатница София : Алианс принт
9 (RLIN) 454004
300 ## - Физическа характеристика
Страници 653 с.
Размери/Мащаб 21 см
380 ## - Жанр
Жанр Религия. Теология
500 ## - Общи забележки
Забележка Ориг. загл., установено от доп. източник: Compendio della dottrina sociale della chiesa<br/>Темат. показалец
650 #0 - Допълнително описание по предмет – тема
9 (RLIN) 265373
Основно описание – тема или топоним Католическа църква
650 #0 - Допълнително описание по предмет – тема
9 (RLIN) 244888
Основно описание – тема или топоним Християнска етика
653 #7 - Ключова дума – ненормативна
9 (RLIN) 188412
Ключова дума католицизъм
700 ## - Други автори (авторска отговорност)
9 (RLIN) 1273
Лично име Мартино, Ренато Рафаеле
Автороска отговорност (Описва отношението между автора и произведението) представя
700 ## - Други автори (авторска отговорност)
9 (RLIN) 381361
Лично име Кръстева, Ирена Николова
Автороска отговорност (Описва отношението между автора и произведението) прев.
852 ## - Местоположение
Форматна сигнатура Цб 315833
Фондова буква Хранилище
856 4# - Електронен адрес и достъп
Електронен формат pdf - файл
Инструкция (цена за достъп) 0.00
Права за достъп disable
999 ## - СИСТЕМНИ КОНТРОЛНИ НОМЕРА
Koha biblionumber 487675
Koha biblioitemnumber 487675
942 ## - АРТИКУЛИ
Вид на библиотечния материал Книги
Скрит в OPAC Не
Периодичен библиозапис Да
944 ## - СЪЗДАВАНЕ И РЕДАКЦИЯ на ЗАПИСА
Създаване/Редакция Създаване
Дата на регистрацията/редакция 2022-12-16
Служител, извършил регистрацията/редакцията ВЙ
999 ## - СИСТЕМНИ КОНТРОЛНИ НОМЕРА
Koha biblioitemnumber 487675
Наличности
Код за отписване Код за изгубен артикул Източник на класификационната схема Код за повреда Коз за рестрикции Код за отдаване Артикулен № Име на библиотеката - собственик Име на библиотеката, в която се намира в момента Статус (Текущо местоположение) Дата на вписване в системата Местоположение - отдел Цена в лева Систематично азбучна сигнатура Баркод Цена в евро Служебен тип на артикула
  Не е изгубен Universal Decimal Classification Не е повреден само за читалня ползва се в читалня 920979 Регионална библиотека "Любен Каравелов" Русе Регионална библиотека "Любен Каравелов" Русе Хранилище 2022-12-20 Хранилище 32.00 Цб 315833 120000880904 16.36 Книги
Vip Innovations Ltd, Rousse, Bulgaria 2025